[Event "Timbo U2200 op 2nd"]
[Site "Timbo"]
[Date "2022.08.14"]
[Round "5"]
[White "Pavao, Fabio Biasi"]
[Black "Cordeiro, Marco Aurelio Zaror"]
[Result "1-0"]
[WhiteElo "1778"]
[BlackElo "2140"]
[PlyCount "79"]
[EventDate "2022.08.12"]
[EventType "swiss"]
[EventRounds "6"]
[EventCountry "BRA"]
[SourceTitle "EXT 2024"]
[Source "ChessBase"]
[SourceDate "2023.10.10"]
[SourceVersion "1"]
[SourceVersionDate "2023.10.10"]
[SourceQuality "1"]

1. c4 c5 2. g3 Nf6 3. Bg2 Nc6 4. Nc3 e6 5. Nf3 d5 6. cxd5 exd5 7. d4 cxd4 8. Nxd4 Be7 9. 0-0 0-0 10. b3 Bc5 11. Nxc6 bxc6 12. Qc2 Be7 13. Rd1 Be6 14. Na4 Qc8 15. Nc5 Bf5 16. e4 Bg6 17. Bg5 Re8 18. Bxf6 Bxf6 19. Rac1 Qc7 20. Nd3 dxe4 21. Nf4 Bf5 22. Qxc6 Qxc6 23. Rxc6 Rad8 24. Nd5 Kf8 25. Ne3 Rxd1+ 26. Nxd1 Bd4 27. Ne3 Be6 28. g4 Rd8 29. Rc2 Bb6 30. Kf1 Rd4 31. Ke2 h5 32. h3 hxg4 33. hxg4 Ke7 34. Rc4 Kd6 35. Rxd4+ Bxd4 36. Nc4+ Kd5 37. Nd2 Ke5 38. a3 Kf4 39. f3 e3 40. Nc4 1-0